| 000 | 01079nmm a2200325 a 4500 | ||
|---|---|---|---|
| 001 | ocm0002015927 | ||
| 003 | TR-IsHL | ||
| 005 | 20201028181230.0 | ||
| 008 | 181230s2014 tu tur | ||
| 007 | cr cn | ||
| 020 | _a9786055048662 | ||
| 035 |
_a2015927 _b(N$T) |
||
| 050 | 0 | 4 |
_aKKX1577 _b.C35 2014 |
| 090 | 0 | 4 |
_aKKX1577 _b.C35 2014 |
| 100 | 1 | _aÇakmakkaya, Baki Yiğit | |
| 245 | 1 | 0 |
_aAdliyelerde toplam kalite yönetimi _h[electronic resource] / _cBaki Yiğit Çakmakkaya ; Necat Batur, Teoman Akpınar |
| 260 |
_aBursa : _bEkin Basım Yayın Dağıtım, _c2014 |
||
| 300 | _a162 p. | ||
| 500 | _aKaynakça var. | ||
| 650 | 4 | _aHukuk | |
| 650 | 4 | _aLaw | |
| 650 | 0 |
_aAdalet, İdare _x Türkiye |
|
| 650 | 0 |
_aJustice, Administration of _x Turkey |
|
| 650 | 0 | _aToplam kalite yönetimi | |
| 650 | 0 | _aTotal quality management | |
| 650 | 7 |
_aBUSINESS & ECONOMICS / Quality Control _2bisacsh |
|
| 700 | 1 | _aBatur, Necat | |
| 700 | 1 | _aAkpınar, Teoman | |
| 856 | 4 | 0 | _uhttp://search.ebscohost.com/login.aspx?direct=true&scope=site&db=e011xww&AN=2015927 |
| 999 |
_c19504 _d19504 |
||